Biblioteca y Centro de Documentación

El paradigma del Big Data y su aportación a la gestión y estrategia empresarial (Registro nro. 49185)

Detalles MARC
000 -CABECERA
Longitud fija campo de control 01251naa a2200325 c 4500
001 - NÚMERO DE CONTROL
Número de control 49185
003 - IDENTIFICADOR DE NÚMERO DE CONTROL
Identificador del número de control ES-MaCES
005 - FECHA Y HORA DE LA ÚLTIMA TRANSACCIÓN
Fecha y hora de la última transacción 20170411122727.0
008 - CAMPO FIJO DE DESCRIPCIÓN FIJA--INFORMACIÓN GENERAL
Códigos de información de longitud fija   170411s2016 sp ||||| t||||||| ||spa d
040 ## - FUENTE DE CATALOGACIÓN
Centro catalogador de origen ES-MaCES
Lengua de catalogación spa
Centro transcriptor ES-MaCES
Centro modificado ES-MaCES
100 1# - ENCABEZAMIENTO PRINCIPAL--NOMBRE PERSONAL
9 (RLIN) 37072
Nombre de persona Rayón Jeréz, Alex
245 13 - MENCIÓN DE TÍTULO
Título El paradigma del Big Data y su aportación a la gestión y estrategia empresarial
Mención de responsabilidad, etc. Alex Rayón Jerez
500 ## - NOTA GENERAL
Nota general Resumen
504 ## - NOTA DE BIBLIOGRAFÍA, ETC.
Nota de bibliografía, etc. Bibliografía: p. 524-526
650 #4 - ASIENTO SECUNDARIO DE MATERIA--TÉRMINO DE MATERIA
9 (RLIN) 30788
Término de materia o nombre geográfico como elemento inicial nuevas tecnologías
650 #4 - ASIENTO SECUNDARIO DE MATERIA--TÉRMINO DE MATERIA
9 (RLIN) 28236
Término de materia o nombre geográfico como elemento inicial cambio tecnológico
650 #4 - ASIENTO SECUNDARIO DE MATERIA--TÉRMINO DE MATERIA
9 (RLIN) 28178
Término de materia o nombre geográfico como elemento inicial empresa
650 #4 - ASIENTO SECUNDARIO DE MATERIA--TÉRMINO DE MATERIA
9 (RLIN) 30601
Término de materia o nombre geográfico como elemento inicial estrategia empresarial
650 #4 - ASIENTO SECUNDARIO DE MATERIA--TÉRMINO DE MATERIA
9 (RLIN) 28176
Término de materia o nombre geográfico como elemento inicial negocios
650 #4 - ASIENTO SECUNDARIO DE MATERIA--TÉRMINO DE MATERIA
9 (RLIN) 28194
Término de materia o nombre geográfico como elemento inicial toma de decisiones
650 #4 - ASIENTO SECUNDARIO DE MATERIA--TÉRMINO DE MATERIA
9 (RLIN) 28876
Término de materia o nombre geográfico como elemento inicial análisis de datos
650 #4 - ASIENTO SECUNDARIO DE MATERIA--TÉRMINO DE MATERIA
9 (RLIN) 28848
Término de materia o nombre geográfico como elemento inicial recopilación de datos
650 #4 - ASIENTO SECUNDARIO DE MATERIA--TÉRMINO DE MATERIA
9 (RLIN) 29432
Término de materia o nombre geográfico como elemento inicial modelo matemático
650 #4 - ASIENTO SECUNDARIO DE MATERIA--TÉRMINO DE MATERIA
9 (RLIN) 28873
Término de materia o nombre geográfico como elemento inicial informática
650 #4 - ASIENTO SECUNDARIO DE MATERIA--TÉRMINO DE MATERIA
9 (RLIN) 28834
Término de materia o nombre geográfico como elemento inicial centro de computación
653 10 - TÉRMINO DE INDEXACIÓN--NO CONTROLADO
Término no controlado Empresa
773 0# - ENTRADA DE DOCUMENTO FUENTE
Itemnumber del ítem fuente 85766
Lugar, editor y fecha de publicación Bilbao (Hnos. Aguirre, 2, 48080) [Asociación de Licenciados, Universidad Comercial de Deusto] [ca. 1945]-
Otro identificador del documento 088664
Título Boletín de estudios económicos
Número de control del registro relacionado (ES-MaCES)25534
Parte(s) relacionada(s) vol. 71, n. 219 (dic. 2016) {10529 R. 088664} ;p. 507-526
902 ## - CES. TIPO DE DOCUMENTO
Tipodoc (006$c Sirtex) ART Artículo de revista
942 ## - ELEMENTOS KOHA
Fuente de clasificaión o esquema Clasificación propia del CES
Koha [por defecto] tipo de item Artículos (1982-2017)
Parte de clasificación Economía

No hay ítems disponibles.

© CES, Consejo Económico y Social de España 2021